Biomy z gry Minecraft na mapie - Statystyki

Ogólne statystyki
  • Ten quiz został rozwiązany 11 577 razy
  • Średni wynik to 7 z 10
Odpowiedzi na mapie
Odpowiedzi zakodowano w zielono-czerwonej skali na mapie do tego quizu, zgodnie z poniższymi procentami.
 
Statystyki odpowiedzi
Biom % Poprawnych
Pustynia
96%
Netherowe pustkowia
87%
Ocean
84%
Kres
83%
Las
82%
Lodowe kolce
77%
Góry
70%
Mesa
57%
Polana
53%
Ciemny Las
37%
Nie znaleziono quizów pasujących do podanych kryteriów
Rozkład punktacji
Procent ludzi z każdym wynikiem
Percentyl według liczby udzielonych odpowiedzi
Twoja historia wyników
Nie rozwiązałeś tego quizu